000
00266nam a22001217a 4500
020
_a
0-7214-2041-9
082
_a
823
_b
JEA/S
100
_a
JEAN
245
_a
A SPECIAL VISIT
_b
TOPSY+TIM
260
_a
LONDON
_b
LADYBIRD
650
_a
ENGLISH SHORT STORY
_z
UK
942
_c
BK
999
_c
4114
_d
4114